| 000 | 01654nam0a22003371 4500 | ||
|---|---|---|---|
| 001 | v19\rc\1415768 | ||
| 005 | 20260129151456.0 | ||
| 035 | _a(NLR Aleph) 004543506 | ||
| 090 |
_a2040255 _c2040255 |
||
| 100 | _a20060512d1881 u y0rusy50 ca | ||
| 101 | 0 | _arus | |
| 102 | _aRU | ||
| 105 | _ay z ||||| | ||
| 200 | 1 |
_aНовый полный оракул, весьма удачно предсказывающий будущее по предложенным вопросам _eСост. по запискам знаменитых астрологов, как-то: Брюса, Альберта Великого и др. с присовокуплением занимательнейших фокусов, святочных гаданий и сонник |
|
| 210 |
_aМосква _cП.Н. Шарапов _d1881 |
||
| 215 | _a144 с. | ||
| 300 | _aЗагл. изд. 1886 г.: Новый полный оракул; на обл. загл.: Новый полный оракул и чародей | ||
| 316 |
_aЭкз РНБ (18.240.6.346) утрачен _5NLR: 18.240.6.346 |
||
| 316 |
_aЭкз РНБ (18.132.6.410) утрачен в 1948 г. _5NLR: 18.132.6.410 |
||
| 517 | 1 | _aНовый полный оракул | |
| 517 | 1 | _aНовый полный оракул и чародей | |
| 702 | 0 |
_aАльберт Великий _fок. 1193-1280 _4100 |
|
| 702 | 1 |
_aБрюс _bР.В. _f1668-1720 _gРоман Вилимович _4100 |
|
| 801 | 0 |
_aRU _bNLR _gpsbo |
|
| 801 | 1 |
_aRU _bProSoft-M _2rusmarc |
|
| 801 | 2 |
_aRU _bNLR _c20140218 _2rusmarc |
|
| 852 |
_aNLR _j18.240.6.346 |
||
| 852 |
_aNLR _j18.132.6.410 |
||
| 942 | _cBOOK | ||
| 980 | _aNB | ||